00718nam a2200181 a 450000100100000000500170001000800410002704000250006808200150009310000360010824500740014426000400021830000200025804900090027895201130028795201190040099900170051900003203520200930063356.0110712s19uu dr 000 0 spa d aDO-SdBNPbspacBNPHU axxxbR789p1 aRosario Castro, Reynaldo95816813aEl poder del creador :bLa nueva doctrina /cReynaldo Rosario Castro. a[Santo Domingo] :b[s.n.],c[s.f.]. a80 p. ;c22 cm. aBNPD 0010718PDaPDbPDcHDd2011-07-12iLF1l0oxxx R789pp32035-10r2020-06-25w2020-06-25yLFPDZNo se presta 0010718PDaPDbPDcHDd2011-07-21iLF1l0oxxx R789pp32035-20r2020-06-25te. 2w2020-06-25yLFPDZNo se presta c31526d31526